000 nam a22 7a 4500
999 _c8175
_d8175
008 171205b xxu||||| |||| 00| 0 eng d
100 _aOdam George
_94608
245 _aSilver Burdett Music
260 _aUSA
_c1989